LEADER 00684naa a2200157 i 4500 001 000000317863 003 CaOOAMICUS 005 20180831173236.0 008 180831n it u000 u ita u 013 $a27122 040 $aSeMil$bita 100 1 $aCitrini, Tullio <1942- >.$0(OLS)http://semarc/name/89721 245 13$aLa "Lumen Gentium". 650 4$aConcilio Vaticano II <1962-1965> - Costituzioni dogmatiche . Lumen Gentium.$0(OLS)http://semarc/subject/3016 773 0 $aFormigoni, Guido <1958- >$tConcilio Vaticano 2. nella vita della Chiesa italiana.$d[Milano] : In Dialogo, stampa 1993.$z88-85985-40-8$gp.49-72$w()116061 996 $6245$aLa "Lumen Gentium"$9(OLS)http://semarc/title/391780 LEADER 01375nam a2200265 i 4500 001 000000238077 003 CaOOAMICUS 005 20240219144645.0 008 150119s1748 it u000 u ita u 013 $a216982 026 $atol- reo- i-i- Alqu (3) 1743 (R) 040 $aSeMil$bita 245 10$aTomo 1. 300 $a[8], 196 p., [1] carta di tav. geogr. ripieg. 500 $aSegn.: a4 A-Z4 2A6 500 $aMarca editoriale: Al centro di raggi luminosi Minerva tiene uno scudo nella mano sinistra e un libro nella mano destra. Motto: La felicità delle lettere (Repertorio consultato: Delalain-Marques, BNF). 500 $aLa carta geografica "America meridionale divisa nelle sue parti principali" è incisa da F. Polanzani 700 1 $aPolanzani, Francesco .$0(OLS)http://semarc/name/81186 773 0 $aMuratori, Ludovico Antonio <1672-1750>$tCristianesimo felice nelle missioni de' padri della Compagnia di Gesù nel Paraguai, descritto da Lodovico Antonio Muratori bibliotecario del sereniss. sig. duca di Modena.$dIn Venezia : Presso Giambatista Pasquali, 1748-1749.$g[1$w()31274 850 $aSeMil 852 $aSeMil$W1$xVenegono$y1$m3C III 111 FA$j188423$B188423$CSeMilBibl$Z2$F199189 $8I 941 1 $a10 961 $aRecupero: Mantegazza 996 $6245$aTomo 1$9(OLS)http://semarc/title/46685